| 000 | 00719cam a2200217 4500 | ||
|---|---|---|---|
| 001 | ##L125208 | ||
| 008 | 000000n2003 000 0 eng u | ||
| 020 | 0 | 0 | _a0421872705 |
| 035 | _a(Sirsi) u125208 | ||
| 041 | 0 | _aeng | |
| 050 | 0 | 4 | _a346.410434 $2 18 |
| 100 | 1 | _aDowding, Nicholas | |
| 245 | 0 | 0 |
_aDilapidations the modern law and practice _bsecond cumulative supplement to the second edition |
| 260 |
_aLondon _bSweet and Maxwell _c2003 |
||
| 300 |
_axxi, 98p. _c25cm. |
||
| 350 | _a45 | ||
| 520 | _aSupplement to the main work (ISBN 0421702400) bringing it up to date to 1 October 2003. | ||
| 690 | _aPROPERTY-LEASEHOLD PROPERTY-LANDLORD AND TENANT-DILAPIDATIONS | ||
| 700 | 1 | _aReynolds, Kirk | |
| 942 | _n0 | ||
| 999 |
_c103364 _d103364 |
||